[Event "Budapest IM"]
[Site "Budapest"]
[Date "1991.??.??"]
[Round "4"]
[White "Samer, M Ibrahim"]
[Black "Vujadinovic, Goran"]
[Result "1-0"]
[WhiteElo "2330"]
[BlackElo "2360"]

1.e4 g6 2.d4 d6 3.Nc3 Bg7 4.Be2 Nc6 5.Be3 Nf6 6.h4 h5 7.f3 a6 8.Qd2 e5 9.dxe5 dxe5
10.O-O-O Qxd2+ 11.Rxd2 Be6 12.Nh3 Bxh3 13.Rxh3 Bh6 14.Bxh6 Rxh6 15.Nd1 Rh8
16.Ne3 Rd8 17.Rxd8+ Nxd8 18.Rh1 Ke7 19.Rd1 Ne6 20.Nc4 Nd4 21.Bf1 Nc6 22.c3 Rd8
23.Rxd8 Kxd8 24.b4 Nd7 25.a4 Ke7 26.a5 Nd8 27.Ne3 c5 28.b5 axb5 29.Bxb5 Nb8
30.g4 Nbc6 31.Nc4 f6 32.gxh5 gxh5 33.Kc2 Na7 34.Ba4 Ne6 35.Ne3 Nf4 36.Kb3 Nd3
37.Nf5+ Ke6 38.Be8 Nf4 39.Kc4 Ne2 40.Kxc5 Nc8 41.Bxh5 Nxc3 42.Bg4  1-0

[Event "Escom IM-B"]
[Site "Budapest"]
[Date "1991.??.??"]
[Round "5"]
[White "Fadel, Mario"]
[Black "Kahn, Evarth"]
[Result "0-1"]
[WhiteElo "2220"]
[BlackElo "2215"]

1.e4 d6 2.d4 g6 3.Nc3 Bg7 4.f4 Nh6 5.Nf3 O-O 6.Be3 f5 7.e5 Ng4 8.Bg1 c5 9.Bc4+ Kh8
10.e6 Qa5 11.Qd2 Qb4 12.Bb3 Nc6 13.a3 Qa5 14.Ne2 Qxd2+ 15.Kxd2 Nf6 16.Nc3 Ne4+
17.Kd3 cxd4 18.Nxe4 fxe4+ 19.Kxe4 b6 20.Bd5 Bb7 21.Nxd4 Nxd4 22.Bxb7 Nxc2
23.Rc1 Rab8 24.Bc6 Rxf4+ 25.Kxf4 Bh6+ 26.Ke4 Bxc1 27.Kd3 Rc8 28.Ba4 Ne1+
29.Ke2 Nxg2 30.Bd4+ Kg8 31.Bc3 Bh6 32.Rg1 Nf4+ 33.Ke1 Bg7 34.Bxg7 Kxg7 35.Kd2 Kf6
36.Rf1 g5 37.h4 h6 38.Bd7 Rc5 39.hxg5+ hxg5 40.Rh1 Kg7 41.Re1 Re5 42.Rg1 Kg6  0-1

[Event "Escom IM-A"]
[Site "Budapest"]
[Date "1991.??.??"]
[Round "6"]
[White "Sokolovs, Andrei"]
[Black "Misailovic, Nebojsa"]
[Result "0-1"]
[WhiteElo "2360"]
[BlackElo "2345"]

1.e4 g6 2.d4 Bg7 3.Nc3 d6 4.g3 Nd7 5.Bg2 e5 6.Nge2 Ne7 7.O-O Nc6 8.Be3 exd4
9.Nxd4 Nde5 10.Nce2 O-O 11.c3 Bg4 12.f3 Bd7 13.Qc2 Qe7 14.Nf4 Nc4 15.Nd5 Qd8
16.Bf2 N6e5 17.Rad1 c6 18.Ne3 Nxe3 19.Bxe3 Qe7 20.f4 Ng4 21.Bc1 c5 22.Nf3 Bc6
23.Rfe1 Rae8 24.Nd2 b5 25.Nf1 Qe6 26.h3 Nh6 27.g4 f6 28.a3 Nf7 29.Qf2 Qc8
30.Ng3 a5 31.Rd3 Qb7 32.Kh2 b4 33.axb4 axb4 34.Bd2 Qa6 35.Bf1 Bb5 36.Rd5 b3
37.Bxb5 Qxb5 38.Qe2 Qxe2+ 39.Rxe2 Ra8 40.Nf1 Ra2 41.Be1 Re8 42.Kg3 Bf8 43.Kf3 Nd8
44.Ne3 Ra4 45.c4 Ne6 46.Bc3 Bh6 47.Rxd6 Nxf4 48.Rh2 Ne6 49.h4 Bxe3 50.Kxe3 Rxc4
51.Bxf6 Nc7 52.e5 Rxg4 53.Kf3 h5 54.Rg2 Rxg2 55.Kxg2 c4 56.Rc6 Nd5 57.Rc5 Nxf6
58.exf6 Re4 59.Kg3 Kf7 60.Rc6 Rg4+ 61.Kh3 Rd4 62.Kg3 Re4 63.Kh3 Rg4 64.Rb6 Rd4
65.Rc6 Rd3+ 66.Kg2 Rd2+ 67.Kf3 Rxb2 68.Rxc4 Kxf6 69.Rc6+ Kf5 70.Rc5+ Ke6
71.Rc6+ Kd5 72.Rxg6 Rc2 73.Ke3 b2 74.Rb6 Kc4 75.Kf4 Kc5 76.Rb3 Kc4 77.Rb8 Kd3
78.Rb5 Rc4+ 79.Kg5 Kc3  0-1

[Event "Cansys GM-Nov"]
[Site "Budapest"]
[Date "1991.??.??"]
[Round "8"]
[White "Shereshevski, Mikhail"]
[Black "Hazai, Laszlo"]
[Result "1-0"]
[WhiteElo "2470"]
[BlackElo "2450"]

1.d4 g6 2.e4 Bg7 3.Nc3 d6 4.Bg5 c6 5.Qd2 b5 6.f4 b4 7.Nd1 Qb6 8.c3 a5 9.Ne3 Ba6
10.Bxa6 Nxa6 11.Ne2 Nf6 12.Ng3 h5 13.e5 Nh7 14.exd6 f6 15.Qd3 Kf7 16.dxe7 Rhe8
17.O-O Rxe7 18.Nc4 Qd8 19.Ne5+ Rxe5 20.Bxf6 Re3 21.Qxe3 Nxf6 22.f5 g5 23.Qxg5 Qh8
24.Qg6+ Kf8 25.Rae1 Nc7 26.Ne4 Nxe4 27.Rxe4 Qh6 28.Qg3 Re8 29.f6 Bxf6 30.Qd6+  1-0

[Event "Budapest IM"]
[Site "Budapest"]
[Date "1991.??.??"]
[Round "10"]
[White "Almasi, Istvan"]
[Black "Vujadinovic, Goran"]
[Result "0-1"]
[WhiteElo "2280"]
[BlackElo "2360"]

1.e4 g6 2.d4 d6 3.Nc3 Bg7 4.Be3 a6 5.Qd2 b5 6.Bd3 Bb7 7.a4 b4 8.Nce2 a5 9.c3 bxc3
10.bxc3 Nf6 11.f3 Nbd7 12.Nh3 c6 13.O-O O-O 14.Rfd1 e5 15.Rab1 Qc8 16.Bh6 d5
17.Bxg7 Kxg7 18.Nf2 c5 19.Bb5 dxe4 20.Bxd7 Nxd7 21.Nxe4 Bxe4 22.fxe4 Qc6
23.dxe5 Nxe5 24.Qd5 Rfe8 25.Qxc6 Nxc6 26.Ng3 h5 27.h4 Reb8 28.Rxb8 Rxb8 29.Rd5 Rb1+
30.Kf2 Rb2+ 31.Ne2 c4 32.Rc5 Nd8 33.Rxa5 Ne6 34.Ke3 Ra2 35.g3 Ra3 36.e5 g5
37.hxg5 Kg6 38.Ke4 Kxg5 39.Nd4 Rxc3 40.Ra7 Rxg3 41.Nxe6+ fxe6 42.a5 Rg4+
43.Kf3 Kf5 44.Rh7 Rf4+ 45.Ke3 Re4+ 46.Kd2 Kg6 47.Rc7 Rxe5 48.a6 Ra5 49.a7 Ra3
50.Kc2 e5 51.Kb2 Ra4 52.Kc3 Kf5 53.Rh7 Kg5 54.Rg7+ Kf4 55.Rh7 Ke4 56.Rxh5 Rxa7
57.Kxc4 Rc7+ 58.Kb3 Kd4 59.Rh8 e4 60.Rd8+ Ke3 61.Re8 Kd3 62.Rd8+ Ke2 63.Re8 e3
64.Kb2 Kd2 65.Rd8+ Ke1 66.Re8 e2 67.Kb3 Rf7  0-1

[Event "Budapest IM"]
[Site "Budapest"]
[Date "1991.??.??"]
[Round "12"]
[White "Kahn, Evarth"]
[Black "Vujadinovic, Goran"]
[Result "0-1"]
[WhiteElo "2215"]
[BlackElo "2360"]

1.e4 g6 2.d4 d6 3.Nc3 Bg7 4.f4 Nc6 5.Be3 Nf6 6.Nf3 O-O 7.Be2 e6 8.Qd2 b6
9.e5 Ng4 10.Bg1 dxe5 11.dxe5 Qe7 12.O-O-O Bh6 13.Be3 Rd8 14.Nd4 Nxd4 15.Bxd4 Nf2
16.Bf3 Nxd1 17.Bxa8 c5 18.Nxd1 Rxd4 19.Qe2 Bxf4+ 20.Kb1 Qg5 21.Re1 Qxe5 22.Qf1 Ba6
23.Qh1 Qb8 24.g3 Bd2 25.Rg1 Rd8 26.Bf3 Bh6 27.Re1 Bg7 28.Nf2 Qd6 29.Rd1 Qe7
30.Re1 Qf6 31.c3 Rd2 32.Nd1 Bd3+ 33.Ka1 Rc2 34.a4 Rc1+ 35.Ka2 Bc4+ 36.b3 Bxb3+
37.Kxb3 Rxd1 38.Rxd1 Qxc3+  0-1

[Event "Cansys IM-A"]
[Site "Budapest"]
[Date "1991.??.??"]
[Round "13"]
[White "Almasi, Zoltan"]
[Black "Baumhus, Reinhard"]
[Result "1-0"]
[WhiteElo "2340"]
[BlackElo "2405"]

1.e4 g6 2.d4 d6 3.Nc3 Bg7 4.f4 Nf6 5.Nf3 c5 6.Bb5+ Bd7 7.e5 Ng4 8.e6 Bxb5
9.exf7+ Kd7 10.Nxb5 Qa5+ 11.Nc3 cxd4 12.Nxd4 Bxd4 13.Qxg4+ Qf5 14.Qf3 Bxc3+
15.Qxc3 Qe4+ 16.Be3 Nc6 17.O-O Rhf8 18.Qb3 b6 19.Rad1 Qe6 20.c4 Rxf7 21.Rfe1 Rf5
22.Bxb6 Qf7 23.Be3 Rb8 24.Qc2 Nb4 25.Qe2 Ra5 26.a3 Nc6 27.b4 Rxa3 28.b5 Na5
29.c5 Nc4 30.Bc1 Ra5 31.Rd4 Ra4 32.Re4 Re8 33.cxd6  1-0

[Event "Buenos Aires Konex"]
[Site "Buenos Aires"]
[Date "1991.??.??"]
[Round "9"]
[White "Burijovich, Liliana"]
[Black "Schwanek, Carlos"]
[Result "0-1"]
[WhiteElo "2195"]
[BlackElo "2360"]

1.e4 d6 2.d4 g6 3.Nc3 Bg7 4.f4 Nf6 5.Nf3 O-O 6.Bd3 Na6 7.O-O c5 8.Bxa6 cxd4
9.Nxd4 bxa6 10.Kh1 Qc7 11.e5 dxe5 12.fxe5 Qxe5 13.Bf4 Qc5 14.Nb3 Qb6 15.Qe2 Be6
16.Be3 Bg4 17.Qf2 Qc7 18.h3 Bf5 19.Nc5 Qc6 20.Kg1 Nd7 21.g4 Nxc5 22.gxf5 Rac8
23.Bd4 Ne4 24.Nxe4 Qxe4 25.c3 Bxd4 26.Qxd4 Qxd4+ 27.cxd4 Rfd8 28.Rae1 Kf8
29.f6 e6 30.Rc1 Ke8 31.Rc3 Kd7 32.Rfc1 Rxc3 33.Rxc3 Rb8 34.Ra3 Rb6 35.b3 Kc6
36.Kf2 Kb5 37.Ke3 Rc6 38.Kd3 Rc1 39.Ke4 Re1+ 40.Kf4 Rf1+ 41.Ke5 Rf5+ 42.Kd6 Rxf6
43.Ra4 Rf3 44.Rc4 Rf5 45.Rc5+ Kb4 46.Rc4+ Ka3 47.Ra4+ Kb2 48.Rxa6 Kc3 49.Rxa7 Kxd4
50.a4 e5 51.b4 e4 52.b5 e3 53.Re7 Rf6+ 54.Kd7 Rb6 55.Kc7 Re6 56.Rd7+ Kc5
57.Rd1 Re7+ 58.Kd8 Re4 59.Rc1+ Rc4 60.Rxc4+ Kxc4 61.b6 e2 62.b7 e1=Q 63.b8=Q Qa5+
64.Ke7 f5 65.Qf4+ Kb3 66.Qf3+ Kxa4 67.Qd1+ Ka3 68.Qa1+ Kb4 69.Qe1+ Kb5 70.Qb1+ Ka6
71.Qd3+ Kb7 72.Qb3+ Qb6 73.Qd5+ Qc6 74.Qb3+ Kc7 75.Qg3+ Kc8 76.Kf8 Qf6+ 77.Kg8 f4
78.Qf3 h5 79.Qa8+ Kc7 80.Qa7+ Kd6 81.Qb6+ Ke5 82.Qc5+ Ke4 83.Qc2+ Ke3 84.Qc1+ Kf2
85.Kh7 f3 86.Kh6 Kg2 87.h4 f2 88.Qd2 Kg3 89.Qe3+ Kxh4 90.Qe4+ Kg3 91.Qd3+ Kg2
92.Qe4+ Kg1 93.Qe3 h4  0-1

[Event "BUL-ch"]
[Site "?"]
[Date "1991.??.??"]
[Round "3"]
[White "Pantev, Veselin"]
[Black "Peev, Peicho Chonev"]
[Result "0-1"]
[WhiteElo "2265"]
[BlackElo "2400"]

1.e4 g6 2.d4 Bg7 3.Nc3 d6 4.Be3 c6 5.Qd2 b5 6.f3 Nd7 7.a4 b4 8.Nd1 a5 9.g4 h5
10.gxh5 Rxh5 11.Ne2 e5 12.Ng3 Rh7 13.Nf2 exd4 14.Bxd4 Ne5 15.Be2 c5 16.Be3 Ba6
17.O-O-O Bxe2 18.Qxe2 Qf6 19.f4 Nd7 20.e5 dxe5 21.Rxd7 Kxd7 22.Nge4 Qc6 23.Rd1+ Ke8
24.Rd6 Qxa4 25.Nxc5 Qa1+ 26.Kd2 Ne7 27.fxe5 Qxb2 28.Bd4 Bh6+ 29.Kd3 Qa3+
30.Ke4 Bg5 31.Nfd3 Nf5 32.Kf3 Nxd4+ 33.Rxd4 Qa1 34.Rg4 Qh1+ 35.Kg3 Qg1+ 36.Kf3 Rh3+  0-1

[Event "Cacak"]
[Site "Cacak"]
[Date "1991.??.??"]
[Round "6"]
[White "Marinkovic, Ivan"]
[Black "Strikovic, Aleksa"]
[Result "1-0"]
[WhiteElo "2455"]
[BlackElo "2495"]

1.e4 g6 2.d4 Bg7 3.Nc3 d6 4.Be3 Nd7 5.Nf3 Ngf6 6.h3 O-O 7.e5 Ne8 8.Bc4 Nb6
9.Bb3 d5 10.O-O c6 11.Ne2 Nc4 12.Bxc4 dxc4 13.Qd2 Be6 14.Nf4 Nc7 15.Nxe6 Nxe6
16.Qe2 Qd5 17.b3 b5 18.Rfd1 f5 19.exf6 exf6 20.bxc4 bxc4 21.Rab1 Rab8 22.c3 f5
23.Rxb8 Rxb8 24.Bc1 Rb1 25.Re1 c5 26.dxc5 Bxc3 27.Qxe6+ Qxe6 28.Rxe6 Rxc1+
29.Kh2 Ba5 30.Re7 c3 31.Nd4 Bb4 32.Nb3 Rb1 33.Re2 Rb2 34.Re1 Rxa2 35.c6 Ra6
36.Re6 Ba5 37.Nxa5 Rxa5 38.c7 Rc5 39.Re8+  1-0

[Event "CAN-ch"]
[Site "CAN"]
[Date "1991.??.??"]
[Round "?"]
[White "Leveille, Francois"]
[Black "Schleifer, Michael"]
[Result "1-0"]
[WhiteElo "2325"]
[BlackElo "2230"]

1.e4 g6 2.d4 d6 3.Nc3 Bg7 4.Be3 Nf6 5.h3 c6 6.a4 Qa5 7.Bd3 O-O 8.Nf3 Na6
9.O-O Nb4 10.Be2 d5 11.e5 Ne8 12.Qd2 Qd8 13.Nd1 a5 14.c3 Na6 15.Nh2 f6 16.f4 b6
17.Nf3 Nec7 18.Nf2 c5 19.Nd3 c4 20.Nf2 Bd7 21.g3 Nb8 22.Kg2 Nc6 23.Bd1 Rb8
24.Bc2 b5 25.axb5 Nxb5 26.Ra2 Be6 27.h4 fxe5 28.fxe5 Qd7 29.Bf4 Nc7 30.Ng5 Rb6
31.h5 Bf5 32.hxg6 hxg6 33.Ba4 Ne6 34.Nxe6 Qxe6 35.Qe2 Rfb8 36.Bc1 Nd8 37.Bd1 Nf7
38.g4 Bb1 39.Ra1 Bd3 40.Nxd3 cxd3 41.Qxd3 Bh6 42.Bxh6 Nxh6 43.Rxa5 Rxb2+
44.Kg3 Nf7 45.Ra6 R2b6 46.Rxb6 Rxb6 47.Qf3 Rb8 48.Qf4 Rf8 49.Ba4 g5 50.Qf3 Qh6
51.Kg2 Qe6 52.Bb3 Rd8 53.Kg3 Kg7 54.Bc2 Rh8 55.Bf5 Qh6 56.Bh7 Rf8 57.Rh1 Qc6
58.Bc2 Nh6 59.Qd3 Rh8 60.Rh5 Nf5+ 61.Qxf5 Qxc3+ 62.Qd3 Qe1+ 63.Kg2 Rxh5 64.gxh5 g4
65.Qh7+ Kf8 66.Qh8+  1-0

[Event "Cappelle op"]
[Site "Cappelle la Grande"]
[Date "1991.??.??"]
[Round "?"]
[White "Chevallier, Didier"]
[Black "Petran, Peter"]
[Result "1/2-1/2"]
[WhiteElo "2260"]
[BlackElo "2395"]

1.d4 g6 2.e4 Bg7 3.Nc3 d6 4.Be3 c6 5.Qd2 b5 6.h4 h5 7.Nh3 Bxh3 8.Rxh3 Nd7
9.Be2 Ngf6 10.f3 Nb6 11.a4 Nc4 12.Bxc4 bxc4 13.Qe2 d5 14.e5 Nd7 15.a5 e6
16.b4 cxb3 17.cxb3 Rb8 18.Qc2 c5 19.f4 Bf8 20.Kf1 Qc8 21.dxc5 Nxc5 22.Rb1 Ne4
23.Rc1 Qa6+ 24.Qe2 Qxa5 25.Nxe4 dxe4 26.Bd4 Be7 27.Qxe4 O-O 28.Ra1 Qb5+ 29.Kg1 Rfd8
30.Kh2 a6 31.Ra4 Rbc8 32.Bg1 Rd1 33.Rc4 Rcd8 34.Bd4 Qd7 35.Bb6 Rb8 36.Rc7 Qb5
37.Rxe7 Qxb6 38.Qe3 Qb4 39.Rc7 Re1 40.Qf2 Rb1 41.Rd3 Qe4 42.Rdd7 Rf8 43.Rc4 Qf5
44.Qc2 Qxc2 45.Rxc2 Rxb3 46.Rc4 Rbb8 47.Ra4 Ra8 48.Ra5 Rfb8 49.Rd6 Rb4 50.Kg3 Rc8
51.Rd3 Rcc4 52.Rf3 Ra4 53.Rxa4 Rxa4 54.Rb3 Kg7 55.Rb8 Ra3+ 56.Kh2 a5 57.Ra8 a4
58.g3 Ra2+ 59.Kg1 f5 60.Ra7+ Kf8 61.Kf1 a3 62.Ke1 Ra1+ 63.Kf2 Ke8 64.Ra6 Kd7
65.Kg2 Ra2+ 66.Kf3 Ke7 67.Ra8 Ra1 68.Kg2 Kd7 69.Ra6 Kc7 70.Rxe6 Kb7 71.Re7+ Kb6
72.Re8 Kc5 73.Ra8 Kb4 74.Kf2 Ra2+ 75.Ke3 Rc2 76.Kd3 Rc1 77.Rb8+ Ka4 78.Ra8+ Kb3
79.Rb8+ Ka4 80.Ra8+ Kb4  1/2-1/2

[Event "Cappelle op"]
[Site "Cappelle la Grande"]
[Date "1991.??.??"]
[Round "?"]
[White "Delanoy, Arnaud"]
[Black "Petran, Peter"]
[Result "0-1"]
[WhiteElo "2210"]
[BlackElo "2395"]

1.e4 g6 2.d4 Bg7 3.Nc3 d6 4.Nf3 Nf6 5.Be2 O-O 6.O-O Bg4 7.Be3 Nc6 8.Qd2 e5
9.dxe5 dxe5 10.Rad1 Qxd2 11.Rxd2 Rfd8 12.Rfd1 Rxd2 13.Rxd2 Ne8 14.Bb5 Nd6
15.Bxc6 bxc6 16.b3 a5 17.a4 f6 18.Ne1 Bf8 19.Bc5 Kf7 20.Nd3 Be6 21.f4 exf4
22.e5 fxe5 23.Nxe5+ Kf6 24.Nxc6 Ra6 25.Nd4 Bf7 26.Nf3 h6 27.Bd4+ Kf5 28.Ne5 Bg8
29.Re2 Bg7 30.Nf3 Bxd4+ 31.Nxd4+ Kf6 32.Rf2 g5 33.g3 Nf5 34.Nxf5 Kxf5 35.gxf4 gxf4
36.Ne2 Rg6+ 37.Kf1 Rg4 38.Ng3+ Ke5 39.Re2+ Kf6 40.Ne4+ Kf5 41.Nf2 Rg5 42.Re8 Bd5
43.Rf8+ Ke5 44.Nd3+ Kd4 45.Rxf4+ Ke3 46.Rf2 Bxb3 47.cxb3 Kxd3 48.Rf6 Kc3
49.Rc6+ Kxb3 50.Rxc7 Kxa4 51.Rc6 h5 52.Kf2 Kb4 53.Rb6+ Rb5 54.Re6 a4 55.Re4+ Kb3
56.Kg3 Rc5 57.Re8 Rc4 58.Rb8+ Rb4 59.Rf8 a3 60.Rf3+ Ka4 61.Rf2 Rc4  0-1

[Event "Cappelle op"]
[Site "Cappelle la Grande"]
[Date "1991.??.??"]
[Round "?"]
[White "McDonald, Neil R"]
[Black "Petran, Peter"]
[Result "1-0"]
[WhiteElo "2385"]
[BlackElo "2395"]

1.e4 g6 2.d4 Bg7 3.Nc3 d6 4.f4 a6 5.a4 Nf6 6.Nf3 O-O 7.Be2 c5 8.dxc5 Qa5
9.O-O Qxc5+ 10.Kh1 Nc6 11.Bd3 e5 12.Qe1 exf4 13.Bxf4 Ne5 14.Nxe5 dxe5 15.Bg5 Ng4
16.Nd5 f6 17.Bd2 Rf7 18.h3 Nh6 19.Be3 Qc6 20.Ra3 Be6 21.Rc3 Qd6 22.Nxf6+ Bxf6
23.Bxh6 Qd7 24.Qg3 Re8 25.a5 Qd8 26.Ra3 Bh4 27.Qe3 Rxf1+ 28.Bxf1 Qd1 29.Qd3 Rd8
30.Qxd1 Rxd1 31.Rf3 Be7 32.Kh2 Ra1 33.Bd2 h5 34.Bc3 h4 35.Bd3 Bg5 36.Rf1 Bf4+
37.Kg1 Be3+ 38.Kh2 Bf4+ 39.Kh1 Rxf1+ 40.Bxf1 Bg3 41.Bd3 Kf7 42.Kg1 Ke7 43.Kf1 g5
44.Be2 Kd6 45.b4 Bd7 46.Bd2 Bf4 47.Be1 Ba4 48.Bd3 Bd7 49.Bf2 Ba4 50.Bc5+ Kc6
51.Ke2 Kc7 52.Bb6+ Kd6 53.c4 Kc6 54.Bc5 Bb3 55.Ba7 Ba4 56.Bb8 Bg3 57.Kd2 Bf4+
58.Kc3 Bg3 59.Kb2 Bd1 60.Bc2 Be2 61.Ba4+ b5 62.axb6 Kxb6 63.c5+ Kb7 64.Bd6 Bb5
65.Bb3 Bf1 66.Bd5+ Ka7 67.c6 Bxg2 68.c7  1-0

[Event "Cappelle op"]
[Site "Cappelle la Grande"]
[Date "1991.??.??"]
[Round "6"]
[White "Howell, James C"]
[Black "Seret, Jean Luc"]
[Result "0-1"]
[WhiteElo "2455"]
[BlackElo "2375"]

1.e4 g6 2.d4 Bg7 3.Nc3 d6 4.Nge2 Nf6 5.g3 O-O 6.Bg2 e5 7.h3 Nbd7 8.O-O a6
9.a4 b6 10.Be3 Bb7 11.a5 b5 12.d5 Rc8 13.Na2 c6 14.dxc6 Rxc6 15.c3 Qb8 16.g4 Nc5
17.Ng3 Rcc8 18.Nb4 Rfd8 19.Nd5 Bxd5 20.exd5 h6 21.h4 b4 22.c4 b3 23.Bh3 Ncd7
24.Qd2 Kh7 25.f3 e4 26.Nxe4 Nxe4 27.fxe4 Ne5 28.Bd4 Rxc4 29.Bxe5 Qa7+ 30.Qf2 Qxf2+
31.Rxf2 Bxe5 32.Rxf7+ Kg8 33.Rb7 Bxb2 34.Rf1 Bd4+ 35.Kh1 b2 36.g5 Rc1 37.Kg2 Rxf1
38.Kxf1 hxg5 39.hxg5 Rf8+ 40.Ke1 Rf3 41.Bf1 Bc3+ 42.Ke2 Rf7 43.Rb8+ Kg7 44.e5 Bxe5
45.Bg2 Rf5 46.Rb7+ Kf8 47.Be4 Rxg5  0-1

[Event "Cetinje (Women)"]
[Site "Cetinje"]
[Date "1991.??.??"]
[Round "3"]
[White "Strizak, Natasa"]
[Black "Petrovic, Marija"]
[Result "1/2-1/2"]
[WhiteElo "2150"]
[BlackElo "2185"]

1.e4 g6 2.d4 Bg7 3.Nc3 d6 4.f4 Nc6 5.Nf3 Bg4 6.Be3 Bxf3 7.gxf3 e6 8.Qd2 Nge7
9.O-O-O d5 10.h4 a6 11.h5 Qd6 12.Bh3 O-O-O 13.e5 Qb4 14.a3 Qa5 15.Qd3 b5
16.Na2 Qb6 17.Kb1 a5 18.b3 Nf5 19.Bxf5 gxf5 20.Bf2 Bf8 21.Kb2 Rg8 22.Rhg1 Bh6
23.Qd2 Nb8 24.Bh4 Rde8 25.Bg5 Bf8 26.Bh4 Rxg1 27.Rxg1 c5 28.Bf2 c4 29.b4 axb4
30.axb4 Nd7 31.Ra1 Qc7 32.Nc1 Nb6 33.c3 Na4+ 34.Kc2 Be7 35.Ne2 Rg8 36.Rg1 Rxg1
37.Nxg1 Qa7 38.Qc1 Nb6 39.Qb2 Kd7 40.Nh3 Qa4+ 41.Kc1 h6 42.Ng1 Qa8 43.Be1 Qg8
44.Qh2 Qa8 45.Qb2 Qa4 46.Bf2 f6 47.Bh4 Qa8 48.Bxf6 Na4 49.Qd2 Qg8 50.Ne2 Qg2
51.Bxe7 Kxe7 52.Qe1 Kd7 53.Kd2 Qxf3 54.Qg3 Qxh5 55.Qg7+ Kd8 56.Qf8+ Qe8 57.Qxh6 Kd7
58.Qg7+ Kc6 59.Qh7 Nb6 60.Qg7 Na8 61.Qh7 Nc7 62.Qg7 Qh5  1/2-1/2

[Event "JUG-chT Cetinje"]
[Site "Cetinje"]
[Date "1991.??.??"]
[Round "5"]
[White "Marinovic, Bozidar"]
[Black "Ljubisavljevic, Zivojin Z"]
[Result "1/2-1/2"]
[WhiteElo "2355"]
[BlackElo "2285"]

1.e4 d6 2.d4 g6 3.Nc3 Bg7 4.Nf3 Bg4 5.Be2 Nc6 6.Be3 e5 7.dxe5 Bxf3 8.Bxf3 Nxe5
9.Be2 Nf6 10.O-O O-O 11.Qd2 Neg4 12.Bf4 Re8  1/2-1/2

[Event "POL-ch"]
[Site "Cetniewo"]
[Date "1991.??.??"]
[Round "1"]
[White "Jaracz, Pawel"]
[Black "Sznapik, Aleksander"]
[Result "0-1"]
[WhiteElo "2300"]
[BlackElo "2445"]

1.e4 g6 2.d4 Bg7 3.Nc3 d6 4.Bg5 a6 5.Qd2 b5 6.O-O-O Bb7 7.f4 Nd7 8.e5 f6
9.exf6 Ngxf6 10.Nf3 O-O 11.Qe1 c5 12.Qh4 b4 13.Nb1 Qa5 14.Nbd2 Bd5 15.f5 Qxa2
16.fxg6 hxg6 17.Re1 e6 18.Bh6 c4 19.Bxg7 Kxg7 20.Qg5 Rh8 21.h4 Rh5 22.Qg3 c3
23.bxc3 bxc3 24.Bd3 cxd2+ 25.Kxd2  0-1

[Event "POL-ch"]
[Site "Cetniewo"]
[Date "1991.??.??"]
[Round "10"]
[White "Gdanski, Jacek"]
[Black "Sznapik, Aleksander"]
[Result "1/2-1/2"]
[WhiteElo "2420"]
[BlackElo "2445"]

1.e4 g6 2.d4 Bg7 3.Nc3 d6 4.f4 Nf6 5.Nf3 O-O 6.Be2 c5 7.dxc5 Qa5 8.O-O Qxc5+
9.Kh1 Nc6 10.Bd3 Bg4 11.Qe1 Bxf3 12.Rxf3 Nb4 13.Be3 Nxd3 14.cxd3 Qb4 15.Rb1 a5
16.Bg1 a4 17.e5 dxe5 18.fxe5 Nd7 19.a3 Qb3 20.d4 Rac8 21.Qh4 f6 22.Rh3 h5
23.Qe4 f5 24.Qh4 Rfe8 25.Qg5 Nf8 26.Re1 Kh7 27.Qd2 Qc4 28.d5 b5 29.Qf2 Rb8
30.Rh4 Qc7 31.Rb4 Nd7 32.Nxb5 Qa5 33.Qa7 Qxa7 34.Bxa7 Rbc8 35.Bd4 Nxe5 36.Bxe5 Bxe5
37.g3 Bf6 38.Rxa4 Bxb2 39.Ra7 Kg8 40.Rexe7 Rxe7 41.Rxe7 Rc5 42.d6 Rxb5 43.d7 Rd5
44.Re8+ Kf7 45.d8=Q Rxd8 46.Rxd8 Bxa3 47.Kg2 Ke6 48.Kf3 Bd6 49.Rg8 Kf7 50.Ra8 h4
51.Ra6 Be5 52.gxh4  1/2-1/2

[Event "POL-ch"]
[Site "Cetniewo"]
[Date "1991.??.??"]
[Round "13"]
[White "Sznapik, Aleksander"]
[Black "Kempys, Marek"]
[Result "1-0"]
[WhiteElo "2445"]
[BlackElo "2335"]

1.e4 g6 2.d4 Bg7 3.Nc3 d6 4.f4 Nc6 5.Be3 Nh6 6.Be2 d5 7.e5 Nf5 8.Bf2 h5 9.Nf3 e6
10.Qd2 Bf8 11.g3 Be7 12.O-O-O Na5 13.h3 h4 14.g4 Ng3 15.Bxg3 hxg3 16.h4 c5
17.h5 g2 18.Bb5+ Bd7 19.Qxg2 Bxb5 20.hxg6 Rxh1 21.Rxh1 Kd7 22.Nxb5 Qb6 23.Nd6 cxd4
24.Qd2 Bxd6 25.exd6 fxg6 26.Rh7+ Kxd6 27.Ne5 Nc4 28.Rd7+ Kc5 29.Nxc4 Kxc4
30.Qd3+ Kc5 31.Qa3+ Kb5 32.Qe7 Rb8 33.Rd6 Qc5 34.Qxe6 Kc4 35.Qe2+ Kb4 36.a3+  1-0

[Event "Chiasso op"]
[Site "Chiasso"]
[Date "1991.??.??"]
[Round "3"]
[White "Contini, Luca"]
[Black "Hirzel, Rene"]
[Result "1/2-1/2"]
[WhiteElo "2330"]
[BlackElo "2210"]

1.d4 g6 2.e4 Bg7 3.Nc3 d6 4.f4 Nf6 5.Nf3 O-O 6.Bd3 Bg4 7.O-O Nc6 8.Be3 e5
9.fxe5 dxe5 10.d5 Nd4 11.Ne2 Qe7 12.c3 Nxe2+ 13.Qxe2 c6 14.dxc6 bxc6 15.h3 Bxf3
16.Qxf3 Nd7 17.b4 c5 18.a3 Kh8 19.Bb5 cxb4 20.axb4 a5 21.Rad1 Nf6 22.Bc5 Qb7
23.Bxf8 Rxf8 24.Qd3 axb4 25.cxb4 Nxe4 26.Rc1 Bh6 27.Rc6 Qa7+ 28.Kh2 Nd2 29.Rff6 Qb8
30.Rb6 Qc7 31.Qd6 Qc3 32.Qc5 Qxc5 33.bxc5 Ne4 34.Rfc6 Be3 35.Bc4  1/2-1/2

[Event "Capablanca mem-C"]
[Site "Cienfuegos"]
[Date "1991.??.??"]
[Round "5"]
[White "Lugo, Blas"]
[Black "Gonzales, JA."]
[Result "1-0"]
[WhiteElo "2335"]
[BlackElo "2320"]

1.e4 g6 2.d4 Bg7 3.Nc3 d6 4.Be3 c6 5.Qd2 b5 6.f3 e6 7.g4 d5 8.exd5 exd5 9.O-O-O Nf6
10.Bh6 O-O 11.h4 Re8 12.Bxg7 Kxg7 13.h5 Qe7 14.hxg6 fxg6 15.Qh2 Nbd7 16.Bd3 Nf8
17.Kb1 a6 18.Nh3 Ng8 19.Nf4 h6 20.g5 Qf7 21.gxh6+ Kh7 22.Rdg1 Ne7 23.Nce2 Bf5
24.Nh3 Qf6 25.Ng5+ Kh8 26.Qe5 Qxe5 27.dxe5 Bxd3 28.cxd3 Nf5 29.Nf4 Ra7 30.e6 Nd4
31.h7 Ree7 32.Nf7+ Rxf7 33.exf7 Rxf7 34.Nxg6+ Nxg6 35.Rxg6 Rxh7 36.Rxh7+ Kxh7
37.Rd6 Kg7 38.Rd7+ Kf6 39.Ra7 Nxf3 40.Rxa6 Nd4 41.Kc1 Ke5 42.Kd2 Kd6 43.Ra8 Kc5
44.a3 b4 45.Rb8 bxa3 46.bxa3 Kd6 47.Rb4 Ne6 48.a4 Kc7 49.a5 Nc5 50.Kc3 Na6
51.Rb6 Nc5 52.Rb1 Na6 53.Kd4 Nb8 54.Rxb8 Kxb8 55.Kc5 Kb7 56.d4 Ka6 57.Kxc6 Kxa5
58.Kxd5 Kb6 59.Kd6  1-0

[Event "Politicen Cup"]
[Site "Copenhagen"]
[Date "1991.??.??"]
[Round "?"]
[White "Borsos, Bogdan"]
[Black "Andreasen, Per"]
[Result "1-0"]
[WhiteElo "2310"]
[BlackElo "2275"]

1.e4 g6 2.d4 Bg7 3.Nc3 d6 4.Nf3 Nf6 5.Be2 O-O 6.O-O a6 7.Bg5 b5 8.e5 Nfd7
9.a4 f6 10.exf6 exf6 11.Be3 b4 12.Nd5 a5 13.c3 bxc3 14.bxc3 Kh8 15.Rb1 Nc6
16.Nf4 Qe7 17.Bb5 Na7 18.Bd3 Nc6 19.Nh4  1-0

[Event "Politicen Cup"]
[Site "Copenhagen"]
[Date "1991.??.??"]
[Round "?"]
[White "Hector, Jonny"]
[Black "McNab, Colin Anderson"]
[Result "0-1"]
[WhiteElo "2465"]
[BlackElo "2420"]

1.e4 g6 2.d4 d6 3.Nc3 Bg7 4.f4 Nc6 5.Be3 Nf6 6.h3 O-O 7.g4 e5 8.dxe5 dxe5
9.f5 Nd4 10.Bg2 Re8 11.Nge2 c5 12.Ng3 b5 13.g5 Nd7 14.f6 Bf8 15.h4 Nb6 16.Kf2 b4
17.Nd5 Nxd5 18.exd5 h5 19.Be4 Bg4 20.Qd2 c4 21.Kg2 Nf5 22.Raf1 Qd7 23.c3 Rab8
24.Bg1 Rb5 25.Qc2 bxc3 26.Qxc3 Rxd5 27.Bxa7 Rd3 28.Bxd3 cxd3 29.Nxf5 gxf5
30.Be3 Qd5+ 31.Kh2 f4 32.Bd2 Rc8 33.Qb3 Qxb3 34.axb3 Rc2 35.Rf2 Bc5 36.Rg2 f3  0-1

[Event "Politicen Cup"]
[Site "Copenhagen"]
[Date "1991.??.??"]
[Round "?"]
[White "Winterstein, Wolfgang"]
[Black "Hoi, Carsten"]
[Result "0-1"]
[WhiteElo "2280"]
[BlackElo "2405"]

1.e4 g6 2.d4 Bg7 3.Nc3 d6 4.f4 Nf6 5.Nf3 O-O 6.Bd3 Na6 7.O-O c5 8.d5 Bg4
9.Kh1 Nc7 10.Qe1 Bxf3 11.Rxf3 Nd7 12.Bd2 Rb8 13.a4 a6 14.a5 e6 15.dxe6 fxe6
16.Bc4 b5 17.axb6 Nxb6 18.Bxa6 Nxa6 19.Rxa6 Nc4 20.b3 Nxd2 21.Qxd2 Ra8 22.Ra4 c4
23.h3 cxb3 24.cxb3 Qb6 25.Rxa8 Rxa8 26.Na4 Qc6 27.Rd3 Bf8 28.Qe3 Bh6 29.Rc3 Qb5
30.Qc1 Rf8 31.Rf3 Qb4 32.Qc3 Qxe4 33.g3 g5 34.Qd3 Qc6 35.Qe3 gxf4 36.Qxe6+ Kh8
37.Kg2 fxg3 38.Qe2 Rg8 39.Nc3 Ra8 40.Qd1 Bg7 41.Ne2 Qb7 42.Qe1 Be5 43.Nxg3 Ra2+
44.Ne2 Qd5 45.Qf2 Bd4 46.Qf1 Qe6 47.Kh1 Rxe2 48.Re3 Rxe3 49.Qf8+ Qg8  0-1

[Event "Copenhagen op"]
[Site "Copenhagen"]
[Date "1991.??.??"]
[Round "5"]
[White "Stefansson, Hannes"]
[Black "Kristiansen, Jens"]
[Result "1-0"]
[WhiteElo "2450"]
[BlackElo "2415"]

1.e4 g6 2.d4 Bg7 3.Nc3 d6 4.Nf3 Nf6 5.Be2 O-O 6.O-O c6 7.a4 Nbd7 8.a5 Qc7
9.h3 e5 10.Be3 exd4 11.Bxd4 Re8 12.Nd2 a6 13.Ra3 c5 14.Be3 Ne5 15.Bg5 Nc6
16.Bd3 Nb4 17.Nc4 Be6 18.Nb6 Rab8 19.f4 h6 20.Bxf6 Bxf6 21.f5 Bd4+ 22.Kh1 Bd7
23.Bc4 gxf5 24.Qh5 Be6 25.Ncd5 Nxd5 26.Nxd5 Bxd5 27.Bxd5 Bg7 28.Rg3 Kh8 29.Bxf7 Rxe4
30.Rxg7 Kxg7 31.Qxf5  1-0

[Event "Copenhagen op"]
[Site "Copenhagen"]
[Date "1991.??.??"]
[Round "6"]
[White "Hector, Jonny"]
[Black "Hoi, Carsten"]
[Result "1-0"]
[WhiteElo "2465"]
[BlackElo "2405"]

1.e4 g6 2.d4 Bg7 3.Nc3 d6 4.f4 c6 5.Nf3 d5 6.e5 h5 7.Be3 Nh6 8.Nh4 Nf5 9.Bf2 Bh6
10.Qd2 Nxh4 11.Bxh4 Bf5 12.h3 Qb6 13.Na4 Qc7 14.Be2 Nd7 15.g4 Be4 16.Rh2 Nf8
17.Nc5 b6 18.Nxe4 dxe4 19.Qe3 f5 20.gxf5 gxf5 21.Bxh5+ Kd7 22.Be2 Ne6 23.Bg3 b5
24.O-O-O Qb6 25.Kb1 Rhg8 26.Rf2 Nc7 27.c4 bxc4 28.Bxc4 Nd5 29.Bxd5 cxd5 30.Bh4 Rac8
31.Bg5 Bxg5 32.fxg5 e6 33.h4 Rh8 34.Rh2 Qc6 35.Rg1 Rhf8 36.Qf4 Qb6 37.Rd2 Rc4
38.g6 Rxd4 39.Rc2 Rb8 40.g7 Rb4 41.Qc1 Rg8 42.h5 d4 43.h6 d3 44.Rd2 Rc4 45.Qd1  1-0

[Event "Copenhagen op"]
[Site "Copenhagen"]
[Date "1991.??.??"]
[Round "9"]
[White "Wedberg, Tom"]
[Black "Hoi, Carsten"]
[Result "0-1"]
[WhiteElo "2465"]
[BlackElo "2405"]

1.e4 g6 2.d4 Bg7 3.Nc3 d6 4.Be3 Nf6 5.Qd2 Nc6 6.Nf3 O-O 7.O-O-O Bg4 8.Bh6 Bxf3
9.gxf3 e5 10.Bxg7 Kxg7 11.dxe5 dxe5 12.Qe3 Qe7 13.Nd5 Qd6 14.Nb6 Qxd1+ 15.Kxd1 axb6
16.a3 Nh5 17.h4 Rad8+ 18.Kc1 Rd6 19.Bc4 Nf4 20.Bd5 h5 21.Bxc6 bxc6 22.Rd1 Rxd1+
23.Kxd1 Rd8+ 24.Kc1 g5 25.hxg5 h4 26.Qe1 h3 27.Qh1 Rh8 28.a4 c5 29.Kd1 Rh5
30.b3 Rxg5 31.c3 Rg2 32.Ke1 h2  0-1